La fin d'une parade philosophique le bergsonisme /

Guardat en:
Dades bibliogràfiques
Autor principal: Politzer, Georges (autor)
Format: Llibre
Idioma:francès
Publicat: Holanda : Jean-Jacques Pauvert : Michel Politzer, 1968, c1968
Col·lecció:(Libertés Nouvelles ; 3)
Matèries:
Etiquetes: Afegir etiqueta
Sense etiquetes, Sigues el primer a etiquetar aquest registre!

MARC

LEADER 00000nam^a2200000^a^4500
001 000347871
005 20250521000000.0
009 20260310114826.622
037 |a Acervo Xavier Clavigero 
041 |a FRA 
082 |a 143.  |b BER EST POL 
100 |a Politzer, Georges  |e (autor) 
245 1 3 |a La fin d'une parade philosophique le bergsonisme /  |c G. Politzer. 
264 4 |a Holanda :  |b Jean-Jacques Pauvert :  |b Michel Politzer,  |c 1968, c1968 
300 |a 191 p. 
336 |a texto  |b txt  |2 rdacontenido 
337 |a sin mediación  |b n  |2 rdamedio 
338 |a volumen  |b nc  |2 rdasoporte 
440 1 |a (Libertés Nouvelles ;  |v 3) 
545 0 |a Henri Bergson (1859-1941), filósofo francés, cursó estudios de letras, matemáticas y obtuvo el doctorado en filosofía; aunque influenciado principalmente por el espiritualismo, ha sido considerado como uno de los principales representantes del intuicionismo. En 1927 fue galardonado con el Premio Nobel de Literatura por su obra Memoria y vida. Sus investigaciones filosóficas, que se apoyan en los datos de la ciencia, tratan sobre los fundamentos del influjo vital y espiritual, la realidad fenoménica de la conciencia y sus principios metafísicos y psicológicos. Entre sus obras destacan Ensayo sobre los datos inmediatos de la conciencia (1889), Materia y memoria (1896), La risa (1900), Introducción a la metafísica (1903), La evolución creadora (1907), entre otros. 
649 |a XX 
650 |a Filósofos Franceses 
650 |a Metafísica 
650 |a Psicología 
650 |a Espiritualismo -  |x Historia y Crítica 
650 |a Intuicionismo -  |x Historia y Crítica -  |x Tema Principal 
650 |a Filosofía del Siglo XIX -  |x Historia y Crítica 
650 |a Filosofía del Siglo XX -  |x Historia y Crítica 
650 |a Filosofía Francesa -  |x Historia y Crítica 
650 |a Bergson, Henri -  |x Tema Principal 
910 |a Fondo General 
920 |a Impresos - Libros 
930 |a Colección General 
905 |a 101 
901 |a 017177  |b IT1  |c ACC  |u 20250521 
902 |a https://opac.biblio.iteso.mx/vufind/Record/000347871